000 00371nam a2200145Ia 4500
008 230711s9999||||xx |||||||||||||| ||und||
041 _aENG
082 _a5
_bRA-C
100 _aRajaraman.V
245 0 _aComputer programming in fortran-77
250 _a3rd Ed.
260 _c1994
_aNew Delhi
_bPHI Learning Private Limited
650 _aComputer Engineering
942 _cBK
999 _c2518
_d2518